Central Library OPAC University of Rajshahi

Encyclopaedia of Indian culture / (Record no. 82405)

MARC details
000 -LEADER
fixed length control field 00683nam a2200241 a 4500
001 - CONTROL NUMBER
control field 82405
003 - CONTROL NUMBER IDENTIFIER
rucl marc code BD-RjUL
005 - DATE AND TIME OF LATEST TRANSACTION
control field 20231205130707.0
008 - FIXED-LENGTH DATA ELEMENTS--GENERAL INFORMATION
fixed length control field 231205s2018 ii ||||| |||| 00| 0 eng d
020 ## - INTERNATIONAL STANDARD BOOK NUMBER
International Standard Book Number 9789388121033
035 ## - SYSTEM CONTROL NUMBER
System control number (BD-RjUL)82405
040 ## - CATALOGING SOURCE
Original cataloging agency BD-RjUL
Language of cataloging eng
Transcribing agency BD-RjUL
041 ## - LANGUAGE CODE
Language code of text/sound track or separate title eng
082 ## - DEWEY DECIMAL CLASSIFICATION NUMBER
Edition number 23
Classification number 954
Author mark and year JAE 2018
100 ## - MAIN ENTRY--PERSONAL NAME
Personal name Jaiswal, Anuradha
9 (RLIN) 10349
245 ## - TITLE STATEMENT
Title Encyclopaedia of Indian culture /
Statement of responsibility, etc. Anuradha Jaiswal
260 ## - PUBLICATION, DISTRIBUTION, ETC. (IMPRINT)
Place of publication, distribution, etc. New Delhi :
Name of publisher, distributor, etc. World Heritage Inc,
Date of publication, distribution, etc. 2018
300 ## - PHYSICAL DESCRIPTION
Pagination V. :
Illustrations ill.;
Size 25 cm.
505 01 - FORMATTED CONTENTS NOTE
Formatted contents note Vol. 1-- Vol. 2-- Vol. 3-- Vol. 4-- Vol. 5--
650 ## - SUBJECT ADDED ENTRY--TOPICAL TERM
Topical term or geographic name as entry element India
Topical term or geographic name as entry element India Civilization
9 (RLIN) 10350
942 ## - ADDED ENTRY ELEMENTS (KOHA)
Source of classification or shelving scheme Dewey Decimal Classification
Koha item type Reference
Holdings
Lost status Source of classification or shelving scheme Damaged status Not for loan Collection code Permanent Location Current Location Shelving location Date acquired Source of acquisition Cost, normal purchase price Total Checkouts Full call number Date last seen Copy number Koha item type
  Dewey Decimal Classification   Not For Loan Non-fiction Central Library, University of Rajshahi Central Library, University of Rajshahi Reference 30/10/2023 Dhaka : BM Book 9600.00   R 954 JAE V-1 2018 05/12/2023 C-1 Reference
  Dewey Decimal Classification   Not For Loan Non-fiction Central Library, University of Rajshahi Central Library, University of Rajshahi Reference 30/10/2023 Dhaka : BM Book 9600.00   R 954 JAE V-1 2018 05/12/2023 C-2 Reference
  Dewey Decimal Classification   Not For Loan Non-fiction Central Library, University of Rajshahi Central Library, University of Rajshahi Reference 30/10/2023 Dhaka : BM Book 9600.00   R 954 JAE V-2 2018 05/12/2023 C-1 Reference
  Dewey Decimal Classification   Not For Loan Non-fiction Central Library, University of Rajshahi Central Library, University of Rajshahi Reference 30/10/2023 Dhaka : BM Book 9600.00   R 954 JAE V-2 2018 05/12/2023 C-2 Reference
  Dewey Decimal Classification   Not For Loan Non-fiction Central Library, University of Rajshahi Central Library, University of Rajshahi Reference 30/10/2023 Dhaka : BM Book 9600.00   R 954 JAE V-3 2018 05/12/2023 C-1 Reference
  Dewey Decimal Classification   Not For Loan Non-fiction Central Library, University of Rajshahi Central Library, University of Rajshahi Reference 30/10/2023 Dhaka : BM Book 9600.00   R 954 JAE V-3 2018 05/12/2023 C-2 Reference
  Dewey Decimal Classification   Not For Loan Non-fiction Central Library, University of Rajshahi Central Library, University of Rajshahi Reference 30/10/2023 Dhaka : BM Book 9600.00   R 954 JAE V-4 2018 05/12/2023 C-1 Reference
  Dewey Decimal Classification   Not For Loan Non-fiction Central Library, University of Rajshahi Central Library, University of Rajshahi Reference 30/10/2023 Dhaka : BM Book 9600.00   R 954 JAE V-4 2018 05/12/2023 C-2 Reference
  Dewey Decimal Classification   Not For Loan Non-fiction Central Library, University of Rajshahi Central Library, University of Rajshahi Reference 30/10/2023 Dhaka : BM Book 9600.00   R 954 JAE V-5 2018 05/12/2023 C-1 Reference
  Dewey Decimal Classification   Not For Loan Non-fiction Central Library, University of Rajshahi Central Library, University of Rajshahi Reference 30/10/2023 Dhaka : BM Book 9600.00   R 954 JAE V-5 2018 05/12/2023 C-2 Reference